| 000 | 00374nam a2200145Ia 4500 | ||
|---|---|---|---|
| 008 | 230917s9999||||xx |||||||||||||| ||und|| | ||
| 040 |
_e5009829 _aMAIN |
||
| 041 | _aEnglish | ||
| 082 | _a155.5 S61M | ||
| 100 | _aShikha | ||
| 245 | 0 | _aMindfulness, flow and spirituality as predictors of personal growth of adolescents | |
| 260 | _c2021 | ||
| 300 | _a222 p. | ||
| 942 | _cBK | ||
| 999 |
_c10071 _d10071 |
||